000 00469nam a2200181Ia 4500
008 240925s9999 xx 000 0 und d
020 _a28012976
082 _a621.381 ZBA
100 _aZbar, Paul B.; Malvino, Albert .P
245 0 _aBasic Electricity and Electronics
250 _aNA
260 _aNew York:
_bMcGraw-Hill
_c,1993.
300 _axi,758p.
_bNA
_fOriginal
500 _aNA
600 _aEngineering Technology
650 _aTechnology
942 _cBK
999 _c2600
_d2600